000 02242nam a2200601 a 4500
001 19918
003 SK-KTurca
005 20251205170945.0
008 160610s2015 xo e 000 0 slo
015 _aSNBA2016/01
020 _a9788081720062 (viaz.)
035 _aB528426D-8CC6-4D1F-A94C-E354A5CCD41C
035 _aurn:nbn:sk:snk-amlfvp
035 _aurn:nbn:sk:snk-am00941g
040 _aZKSE
_bslo
_cZKSE
_dSNK
_eAACR2
041 1 _aslo
_heng
044 _axo
_cSK
072 7 _a159.92
_xVývinová psychológia. Psychológia osobnosti
_2konspekt
080 _a159.923.5
_22001
080 _a17.024.4
_22001
080 _a316.772.4
_22001
080 _a(035)
_22001
080 _a612.821.7
_22001
080 _a159.962.7
_22001
080 _a364.668
_22001
130 0 _aLife Changing Secrets from the three Masters of Success.
_lSlovensky
245 1 0 _aTajomstvo úspechu troch majstrov
_b[tajomstvá troch majstrov po prvý raz spolu v jednej knihe]
_cNapoleon Hill, Joseph Murphy, Dale Carnegie ; [z anglického originálu preložili Helena Šajgalíková, Monika Sýkorová]
260 _a[Bratislava]
_bAktuell
_c2015
300 _a381 s.
_c22 cm
500 _aMiesto vyd. podľa ISBN
500 _aDokument obsahuje 3 diela od rôznych autorov
650 0 7 _asebazdokonaľovanie
_2SNKPH
650 0 7 _aúspech
_2SNKPH
650 0 7 _apodvedomie
_2SNKPH
650 0 7 _aSelf-actualization
_2SNKPHeng
650 0 7 _aSucces
_2SNKPHeng
650 0 7 _aSubconsciousness
_2SNKPHeng
650 0 7 _aautosugescia
_2SNKPH
650 0 7 _aAutosuggestion
_2SNKPHeng
650 0 7 _abohatstvo
_2SNKPH
650 0 7 _aWealth
_2SNKPHeng
650 0 7 _ainterpersonálna komunikácia
_2SNKPH
650 0 7 _aInterpersonal communication
_2SNKPHeng
655 7 _apríručky
_2SNKPH
655 7 _aHandbooks, manuals, etc.
_2SNKPHeng
700 1 _aMurphy, Joseph,
_d1898-1981
_tMoc nášho podvedomia
_4aut
700 1 _aCarnegie, Dale,
_d1888-1955
_tAko vystupovať a pôsobiť na ľudí
_4aut
700 1 _aŠajgalíková, Helena,
_d1952-
_4trl
700 1 _aSýkorová, Monika
_4trl
700 1 _aHill, Napoleon,
_d1883-1970
_tMyslite a zbohatnite
_4aut
942 _2ddc
_cOLDO
_n0
999 _c19918
_d19918